000 00453cam a2200181ua 4500
001 11065
008 190807n ii |||gr||||Z||||||asm
040 _cMAIN
041 _aasm
082 _a891.451
100 _aPrahlad Chandra Tasa,
_eAuthor.
245 _aPrasangik aprasangik
_cBy Prahlad Chandra Tasa
250 _a1st ed.
260 _aMoran:
_bHamder adhikar prakashan,
_c2019.
300 _a159p.
653 _aGeneral literature
942 _cBK
999 _c9963
_d9963